The year of blood : (Record no. 150937)

MARC details
000 -LEADER
fixed length control field 00616nam a22001937a 4500
005 - DATE AND TIME OF LATEST TRANSACTION
control field 20180419095816.0
010 ## - LCCN (DPL NO)
LC control number ENG-122533
020 ## - INTERNATIONAL STANDARD BOOK NUMBER
International Standard Book Number 9789383166138
Terms of availability 495.00
035 ## - SYSTEM CONTROL NUMBER
System control number EN-106065
037 ## - SOURCE OF ACQUISITION
Source of stock number/acquisition DBAD/PUB.
082 ## - DEWEY DECIMAL CLASSIFICATION NUMBER
Classification number 954.083
100 ## - MAIN ENTRY--PERSONAL NAME
Personal name Mukherjee, Rudrangshu
245 ## - TITLE STATEMENT
Title The year of blood :
Statement of responsibility, etc by Rudrangshu Mukherjee
Remainder of title essays on the revolt of 1857 /
260 ## - PUBLICATION, DISTRIBUTION, ETC. (IMPRINT)
Place of publication, distribution, etc New Delhi
Name of publisher, distributor, etc Social Science Press
Date of publication, distribution, etc 2016
270 ## - ADDRESS
Address 69, Jor Bagh,
City New Delhi
Postal code 110003
300 ## - PHYSICAL DESCRIPTION
Extent 163p.
Other physical details ill. picture
Dimensions 21cm.(pbk)
500 ## - GENERAL NOTE
General note Includes bibliography and index
942 ## - ADDED ENTRY ELEMENTS (KOHA)
Source of classification or shelving scheme Dewey Decimal Classification
Item type English Books
Call number suffix MUK
Classification part 954.083
Holdings
Withdrawn status Lost status Not for loan Collection code Home library Current library Date acquired Source of acquisition Cost, normal purchase price Full call number Barcode Copy number Cost, replacement price Koha item type
    Not For Loan Non-fiction D.B.Act.Division Patel Nagar 10/04/2018 DBAD/PUB 495.00 954.083 MUK EN-106065 1 495.00 English Books

© Delhi Public Library
Hit Counter
free hit counter